000 01232nam a2200313 a 4500
001 ebr10728919
003 CaPaEBR
006 m o u
007 cr cn|||||||||
008 130501s2013 mau sb 001 0deng d
010 _z 2013010237
020 _z9783110306279 (hardcover : alk. paper)
020 _z9783110306507 (e-book)
040 _aCaPaEBR
_cCaPaEBR
035 _a(OCoLC)852655949
050 1 4 _aB243
_b.C67 2013eb
082 0 4 _a182/.2
_223
100 1 _aCornelli, Gabriele.
245 1 0 _aIn search of Pythagoreanism
_h[electronic resource] :
_bPythagoreanism as an historiographical category /
_cGabriele Cornelli.
260 _aBoston :
_bDe Gruyter,
_c2013.
300 _axiv, 228 p.
440 0 _aStudia praesocratica,
_x1869-7143 ;
_vBd. 4
504 _aIncludes bibliographical references and index.
533 _aElectronic reproduction.
_bPalo Alto, Calif. :
_cebrary,
_d2013.
_nAvailable via World Wide Web.
_nAccess may be limited to ebrary affiliated libraries.
600 0 0 _aPythagoras.
655 7 _aElectronic books.
_2local
710 2 _aebrary, Inc.
856 4 0 _uhttp://site.ebrary.com/lib/rucke/Doc?id=10728919
_zAn electronic book accessible through the World Wide Web; click to view
999 _c151635
_d151635